[Event "FRA-chT Top 12 (Women) GpB"]
[Site "Chartres"]
[Date "2024.05.12"]
[Round "5.8"]
[White "Perles, Eva"]
[Black "Zvereva, Marija"]
[Result "1/2-1/2"]
[WhiteElo "1708"]
[BlackElo "2049"]
[PlyCount "132"]
[EventDate "2024.05.09"]
[EventType "team-tourn"]
[EventRounds "5"]
[EventCountry "FRA"]
[SourceTitle "CB20_2024"]
[SourceDate "2024.05.16"]
[SourceVersion "1"]
[SourceVersionDate "2024.05.16"]
[SourceQuality "1"]
[WhiteTeam "Marseille (W)"]
[BlackTeam "Monaco (W)"]
[WhiteTeamCountry "FRA"]
[BlackTeamCountry "MNC"]

1. d4 c5 2. d5 e5 3. e4 d6 4. Bd3 Ne7 5. Bg5 h6 6. Be3 Ng6 7. Ne2 Be7 8. 0-0 0-0 9. a3 Bg5 10. Bxg5 hxg5 11. b4 Nd7 12. c4 Nf4 13. Nbc3 b6 14. Rb1 Nf6 15. Qd2 Ng4 16. Rb2 Qf6 17. f3 Nh6 18. Bc2 Ba6 19. bxc5 bxc5 20. Nb5 Rab8 21. Nec3 Qe7 22. Rfb1 g4 23. Bd1 Bc8 24. Rb3 gxf3 25. Bxf3 a6 26. Nd4 Rxb3 27. Nxb3 g5 28. g3 Nh3+ 29. Kh1 Qf6 30. Bg2 Ng4 31. Bxh3 Nf2+ 32. Kg1 Nxh3+ 33. Kg2 g4 34. Rf1 Qg6 35. Qe3 Ng5 36. Nd2 Kg7 37. Rf2 Rh8 38. Kh1 Qh5 39. Nd1 Bd7 40. Qe2 Qg6 41. Rf1 Rb8 42. Rf2 Nf3 43. Nxf3 gxf3 44. Qxf3 Bg4 45. Qd3 Bxd1 46. Qxd1 Qxe4+ 47. Qf3 Rb1+ 48. Kg2 Qxf3+ 49. Rxf3 Rb2+ 50. Kg1 Rc2 51. Rb3 Rxc4 52. Rb6 Ra4 53. Rxd6 Rxa3 54. Rc6 Ra5 55. d6 Kf6 56. d7+ Ke7 57. Rd6 Kd8 58. h4 c4 59. Kf2 Rc5 60. h5 e4 61. h6 Rh5 62. g4 Rh2+ 63. Kg3 Rh1 64. Kg2 Rh4 65. Kg3 Rh1 66. Kg2 Rh4 1/2-1/2